[Event "Athens PAO CC-ch 16th"]
[Site "Athens"]
[Date "2024.03.01"]
[Round "7"]
[White "Flouris, Periklis"]
[Black "Tepetes, Nikoalos Iason"]
[Result "1/2-1/2"]
[WhiteElo "1724"]
[BlackElo "1341"]
[PlyCount "59"]
[EventDate "2024.01.19"]
[EventType "swiss"]
[EventRounds "7"]
[EventCountry "GRE"]
[SourceTitle "CB16_2024"]
[SourceDate "2024.04.17"]
[SourceVersion "1"]
[SourceVersionDate "2024.04.17"]
[SourceQuality "1"]

1. e4 c5 2. Nf3 d6 3. d4 cxd4 4. Nxd4 Nf6 5. Nc3 a6 6. Be3 Nbd7 7. Qd2 e6 8. 0-0-0 b5 9. Kb1 Bb7 10. f3 Be7 11. g4 Ne5 12. Be2 b4 13. Na4 d5 14. g5 Nfd7 15. f4 Nc4 16. Bxc4 dxc4 17. f5 e5 18. Ne2 Bxe4 19. Rhf1 Qc7 20. Ng3 Bc6 21. b3 Bxa4 22. bxa4 Nc5 23. f6 Rd8 24. Qf2 Nxa4 25. Ne4 Rxd1+ 26. Rxd1 Nc3+ 27. Nxc3 bxc3 28. fxe7 Qxe7 29. Ka1 0-0 30. Bc5 1/2-1/2

[Event "Athens PAO CC-ch 16th"]
[Site "Athens"]
[Date "2024.02.16"]
[Round "5"]
[White "Flouris, Periklis"]
[Black "Kiryttopoulos, Panagiotis Aris"]
[Result "0-1"]
[WhiteElo "1724"]
[BlackElo "1529"]
[PlyCount "58"]
[EventDate "2024.01.19"]
[EventType "swiss"]
[EventRounds "7"]
[EventCountry "GRE"]
[SourceTitle "CB16_2024"]
[SourceDate "2024.04.17"]
[SourceVersion "1"]
[SourceVersionDate "2024.04.17"]
[SourceQuality "1"]

1. e4 c5 2. Nf3 d6 3. d4 cxd4 4. Nxd4 Nf6 5. Nc3 Nc6 6. Be2 e6 7. Be3 a6 8. 0-0 Qc7 9. f4 Be7 10. Kh1 Nxd4 11. Bxd4 e5 12. fxe5 dxe5 13. Be3 0-0 14. Qe1 b5 15. Qg3 Kh8 16. Nd5 Nxd5 17. exd5 f5 18. Qf2 f4 19. Rac1 Rf6 20. Bd2 Bc5 21. Qe1 e4 22. Qh4 Bd6 23. Bc3 Rh6 24. Qg5 Kg8 25. Bh5 f3 26. g3 Bh3 27. Rfe1 Bg2+ 28. Kg1 Rxh5 29. Qxh5 Qc5+ 0-1